Culture générale en 60 secondes #5 - Littérature - Statistiques

Statistiques générales
  • Ce quiz a été pris 121 fois
  • Le résultat moyen est 5 sur 15
Statistiques - réponses
Indice Réponse % Correct
Comment s'appelle le gentleman-cambrioleur ? Arsène Lupin
91%
Quel est le prénom porté par les écrivaines Duras et Yourcenar ? Marguerite
78%
Quelles sont les deux couleurs dans le titre du principal roman de Stendhal ? Le {Rouge} et le {Noir}
65%
Quel est le prénom de Maupassant ? Guy
63%
Quel est le nouveau nom, depuis 2020, de "Dix petits nègres" d'Agatha Christie ? Ils étaient dix
46%
Quelle figure de style remplace un mot par un autre pour atténuer une réalité triste ? Euphémisme
35%
Dans quelle ville Anne Frank vivait-elle lors de l'écriture de son journal ? Amsterdam
34%
À quel groupe de poètes français du XVIe siècle appartenait Pierre de Ronsard ? La Pléiade
26%
Quel est le "Petit Pays" du roman de Gaël Faye ? Burundi
18%
Qui a dit : "Être ou ne pas être, telle est la question." William Shakespeare
17%
Au début de Hunger Games, qui a été désigné tribut féminin du district Douze ? Primrose Everdeen
16%
Quelle bande dessinée romanesque relate la vie de Riad Sattouf ? L'Arabe du futur
13%
Dans "Les Misérables", qui est le fils abandonné par les Thénardier, et qui a lutté pour la révolution ? Gavroche
11%
Qui est l'auteur russe de science-fiction a écrit Fondation, Nightfall ou bien Nemesis ? Isaac Asimov
6%
Quel est le nom de l'astéroïde du Petit Prince ? B 612
1%
Aucun quiz correspondant
Distribution des résultats
% des personnes avec chaque résultat
Percentile par nombre de réponses
Votre historique - résultats
Vous n’avez pas pris ce quiz